000 00806nam a2200229 i 4500
001 101075
003 ES-MaACL
005 20230906182821.0
007 t|
008 051011s1973 sp ||||1| cat d
100 1 _aMauco, Georges.
_979180
245 1 0 _aEducació afectiva i caracterológica de l'infant
_b: problemes actuals de la familia i de l'escola /
_cGeorges Mauco; [versió... Lluis Riera].
250 _a[1ª ed.].
260 _aBarcelona :
_bNova Terra,
_c1973.
300 _a367 p. ;
_c21 cm.
490 1 _aCol·lecció Nadal ;
_v34. Serie de Psicopedagogía
650 4 _aEmociones en niños.
_9166232
700 1 _aRiera, Lluis.
_997110
830 0 _aCol·lecció Nadal ;
_v34. Serie de Psicopedagogía
_9181843
852 _aES-MaACL
_jC-52095
_bR.85257
999 _c101075
_d101075